000 00892nam a2200313 b 4500
001 0000606
003 DO-SdBPM
005 20250411121017.0
007 0000606
008 040607s2008 cu ||| ||spa
017 _a
_b
020 _a9789591106063
035 _a
040 _aDO-SdBPM
_bspa
_cBPMSU
_e
080 0 _a
082 4 _a809.7
_bF727o 2008
_222
100 1 _aFornet, Ambrosio
_d1932-
245 1 3 _aEl otro y sus signos /
_cAmbrosio Fornet
_h
260 _aSantiago de Cuba :
_bEditorial Oriente,
_c2008.
300 _a300 p. ;
_c22 cm
500 _aIncluye datos biográficos del autor.
500 _aIncluye índice onomástico.
504 _aBibliografía p: 285-289
590 _aInventariado, 2025/VM
650 4 _aCrítica literaria
650 4 _aLiteratura
_xHistoria y crítica
910 _aVMateo V. Control de calidad. BPMSU
942 _2ddc
_cBK
999 _c11138
_d11138